[Event "Open SSC Rostock 07 - 2009"]
[Site "Rostock"]
[Date "2009.08.28"]
[Round "3.1"]
[White "Tomczak, Jacek"]
[Black "Duester, Christian"]
[Result "1-0"]
[WhiteElo "2447"]
[BlackElo "2240"]
[PlyCount "177"]
[EventDate "2009.08.27"]
[EventType "swiss"]
[EventRounds "7"]
[EventCountry "GER"]
[Source "Th. Schwetlick"]
[SourceDate "2009.08.27"]
[WhiteTeam "SSC Rostock 07"]
[BlackTeam "SC Rotation Pankow"]

1. e4 e5 2. Nf3 Nc6 3. d4 exd4 4. Nxd4 Nf6 5. Nxc6 bxc6 6. e5 Qe7 7. Qe2 Nd5 8.
Nd2 g6 9. Nf3 Qb4+ 10. Qd2 Rb8 11. c4 Qxd2+ 12. Bxd2 Nb4 13. Kd1 c5 14. Bc3 Bg7
15. a3 Nc6 16. Kc2 O-O 17. Rd1 Re8 18. Rd5 Bf8 19. h4 h5 20. Bd3 d6 21. exd6
cxd6 22. Ng5 Bb7 23. Ne4 Rxe4 24. Bxe4 Nd4+ 25. Bxd4 Bxd5 26. Bxd5 cxd4 27. b4
a5 28. Rb1 axb4 29. axb4 Be7 30. g3 Bd8 31. Ra1 Bb6 32. Kd3 Kf8 33. Bc6 Kg7 34.
Ra6 Kf8 35. f4 Ke7 36. Ke4 Ke6 37. Bd5+ Ke7 38. Bc6 Ke6 39. Ra2 Rc8 40. Bd5+
Ke7 41. Ra6 Rb8 42. Kd3 Kf8 43. Be4 f5 44. Bd5 Kg7 45. Bc6 Kf8 46. Bg2 Kg7 47.
Bd5 Kf8 48. c5 dxc5 49. bxc5 Bxc5 50. Rxg6 Rb1 51. Rf6+ Ke7 52. Rxf5 Rd1+ 53.
Ke2 Rg1 54. Rg5 Kd6 55. Bf3 Ra1 56. Rd5+ Kc6 57. Rxd4+ Kb5 58. Rd5 Ra2+ 59. Ke1
Kc4 60. Rxh5 Bb4+ 61. Kf1 Kd3 62. Re5 Bc3 63. Be2+ Kd4 64. Kf2 Ra1 65. Kf3 Ra3
66. Re4+ Kd5 67. Re3 Kd4 68. Rd3+ Kc5 69. h5 Bb4 70. Ke4 Ra2 71. Rd5+ Kc6 72.
Bf3 Ra3 73. Rd3 Rxd3 74. Kxd3+ Kd6 75. Ke4 Ke6 76. g4 Bd2 77. Be2 Kf7 78. Kf5
Kg7 79. g5 Bc3 80. h6+ Kh8 81. Kg6 Kg8 82. Bc4+ Kh8 83. Bd3 Kg8 84. f5 Kh8 85.
Kf7 Kh7 86. f6+ Kh8 87. g6 Bxf6 88. g7+ Bxg7 89. hxg7# 1-0

[Event "Open SSC Rostock 07 - 2009"]
[Site "Rostock"]
[Date "2009.08.28"]
[Round "3.2"]
[White "Peschel, Andreas"]
[Black "Szelag, Marcin"]
[Result "0-1"]
[WhiteElo "2191"]
[BlackElo "2466"]
[PlyCount "110"]
[EventDate "2009.08.27"]
[EventType "swiss"]
[EventRounds "7"]
[EventCountry "GER"]
[Source "Th. Schwetlick"]
[SourceDate "2009.08.27"]
[WhiteTeam "SG Solingen"]
[BlackTeam "SSC Rostock 07"]

1. d4 Nf6 2. c4 g6 3. Nc3 Bg7 4. e4 d6 5. f4 O-O 6. Nf3 c5 7. d5 a6 8. a4 e5 9.
fxe5 Ng4 10. Bg5 Qb6 11. Be7 Qxb2 12. Ne2 Ne3 13. Qc1 Qxa1 14. Qxa1 Nc2+ 15.
Kd2 Nxa1 16. Bxf8 Kxf8 17. Kc3 Nd7 18. Kb2 Nxe5 19. Nxe5 Bxe5+ 20. Nc3 Bd7 21.
Be2 b5 22. cxb5 axb5 23. axb5 Ra4 24. Rc1 Rb4+ 25. Kxa1 Rb3 26. b6 Bxc3+ 27.
Rxc3 Rxc3 28. Kb2 Re3 29. b7 Rxe2+ 30. Ka3 Re3+ 31. Ka2 Rxe4 32. b8=Q+ Ke7 33.
Qh8 Re5 34. Qxh7 Rh5 35. Qg7 Rxh2 36. Qb2 Rh5 37. Qf2 Rxd5 38. Qh4+ g5 39. Qg3
Be6 40. Kb2 Kf6 41. Kc3 Kg6 42. Qe3 Rd4 43. Qe2 d5 44. Qa6 Rg4 45. Qd6 d4+ 46.
Kd2 c4 47. g3 Re4 48. Qc6 Re3 49. Qd6 f6 50. Qb8 c3+ 51. Kc2 Bf5+ 52. Kd1 c2+
53. Kd2 Re1 54. Qg8+ Kh5 55. g4+ Kxg4 0-1

[Event "Open SSC Rostock 07 - 2009"]
[Site "Rostock"]
[Date "2009.08.28"]
[Round "3.3"]
[White "Schulz, Michael"]
[Black "Zentgraf, Robert"]
[Result "1/2-1/2"]
[WhiteElo "2268"]
[BlackElo "2119"]
[PlyCount "120"]
[EventDate "2009.08.27"]
[EventType "swiss"]
[EventRounds "7"]
[EventCountry "GER"]
[Source "Th. Schwetlick"]
[SourceDate "2009.08.27"]
[WhiteTeam "SC Zitadelle Spandau 1977"]
[BlackTeam "SAV Torgelow-Droegeheide"]

1. d4 c5 2. c3 d5 3. Nf3 Nf6 4. Nbd2 cxd4 5. cxd4 Nc6 6. e3 g6 7. Be2 Bg7 8.
O-O O-O 9. a3 Bf5 10. Nh4 Rc8 11. Nxf5 gxf5 12. Bd3 e6 13. b4 Kh8 14. Bb2 Rg8
15. Qe2 Ne4 16. f3 Nxd2 17. Qxd2 Qg5 18. f4 Qe7 19. b5 Nb8 20. a4 Nd7 21. Ba3
Qd8 22. Rac1 Nf6 23. Rxc8 Qxc8 24. Rc1 Qd8 25. g3 Bh6 26. Rc2 Nh5 27. Kf2 Qf6
28. Qc1 Nxg3 29. hxg3 Qg7 30. Rc8 Qxg3+ 31. Ke2 Qg2+ 32. Ke1 Qg1+ 33. Kd2 Qf2+
34. Be2 Bxf4 35. Rxg8+ Kxg8 36. Qc8+ Kg7 37. Qf8+ Kg6 38. Qg8+ Kf6 39. Qh8+ Kg6
40. exf4 Qxf4+ 41. Kd1 Qe3 42. Bc1 Qb3+ 43. Kd2 Qb4+ 44. Kd1 Qb3+ 45. Ke1 Qc3+
46. Bd2 Qg3+ 47. Kd1 Qb3+ 48. Kc1 Qa3+ 49. Kc2 Qa2+ 50. Kd3 Qb1+ 51. Ke3 Qg1+
52. Kf3 Qh1+ 53. Kf2 Qh2+ 54. Ke3 Qg1+ 55. Kd3 Qb1+ 56. Kc3 Qa1+ 57. Kc2 Qa2+
58. Kd1 Qb3+ 59. Ke1 Qg3+ 60. Kf1 Qh3+ 1/2-1/2

[Event "Open SSC Rostock 07 - 2009"]
[Site "Rostock"]
[Date "2009.08.28"]
[Round "3.4"]
[White "Tomczak, Rafal"]
[Black "Hamann, Dirk"]
[Result "1-0"]
[WhiteElo "2345"]
[BlackElo "2048"]
[PlyCount "55"]
[EventDate "2009.08.27"]
[EventType "swiss"]
[EventRounds "7"]
[EventCountry "GER"]
[Source "Th. Schwetlick"]
[SourceDate "2009.08.27"]
[WhiteTeam "SSC Rostock 07"]
[BlackTeam "SF Ostsee Warnemuende"]

1. e4 Nf6 2. e5 Nd5 3. c4 Nb6 4. d4 d6 5. exd6 cxd6 6. Nf3 g6 7. Nc3 Bg7 8. h3
O-O 9. Be3 Nc6 10. Be2 Re8 11. O-O e5 12. dxe5 dxe5 13. c5 Nd7 14. Bc4 Nf8 15.
Qxd8 Nxd8 16. Nd5 Nde6 17. Nd2 Kh8 18. Ne4 Nd7 19. Nd6 Rf8 20. b4 Nf6 21. Ne7
Bd7 22. b5 Nd8 23. Rac1 Ne8 24. Rfd1 Be6 25. Bxe6 Nxd6 26. Bd7 Ne4 27. c6 bxc6
28. bxc6 1-0

[Event "Open SSC Rostock 07 - 2009"]
[Site "Rostock"]
[Date "2009.08.28"]
[Round "3.5"]
[White "Stiefel, Roland"]
[Black "Steinhagen, Bernd"]
[Result "1/2-1/2"]
[WhiteElo "2073"]
[BlackElo "2318"]
[PlyCount "145"]
[EventDate "2009.08.27"]
[EventType "swiss"]
[EventRounds "7"]
[EventCountry "GER"]
[Source "Th. Schwetlick"]
[SourceDate "2009.08.27"]
[WhiteTeam "ZSG Gruen-Weiss Waltershausen"]
[BlackTeam "SC Rotation Pankow"]

1. d4 Nf6 2. Nf3 e6 3. Bf4 b6 4. e3 Be7 5. h3 O-O 6. Bd3 c5 7. c3 Ba6 8. O-O
Bxd3 9. Qxd3 Nc6 10. Nbd2 d5 11. Rad1 Qc8 12. Bg5 h6 13. Bxf6 Bxf6 14. e4 Rd8
15. exd5 exd5 16. Rc1 Qd7 17. Rfe1 Qd6 18. a3 Rac8 19. Nf1 Na5 20. Rcd1 Nc4 21.
Qb1 Qc6 22. Ne3 Re8 23. Nxc4 Rxe1+ 24. Rxe1 dxc4 25. Qe4 cxd4 26. Nxd4 Qc5 27.
Nc2 Rd8 28. Re2 b5 29. Ne3 h5 30. g3 g6 31. Kg2 Kg7 32. Nf1 Rd7 33. Qa8 Qd5+
34. Qxd5 Rxd5 35. Ne3 Rd3 36. f4 Bd8 37. Nc2 h4 38. gxh4 Bxh4 39. Ne3 Bd8 40.
Ng4 Bc7 41. Nf2 Rd5 42. Re7 Bxf4 43. Rxa7 Be3 44. Re7 Bxf2 45. Kxf2 Rd2+ 46.
Ke3 Rxb2 47. Rb7 Rb3 48. Kd4 g5 49. Ra7 Rb2 50. Kc5 Kg6 51. Rb7 Rb3 52. Kd4 f6
53. Rb8 Kf5 54. Rb6 Rb1 55. Ke3 Re1+ 56. Kf3 Re5 57. a4 bxa4 58. Ra6 Rd5 59.
Rxa4 Rd3+ 60. Ke2 Rxc3 61. h4 g4 62. Kd2 Rh3 63. Rxc4 Rxh4 64. Ke3 Rh3+ 65. Kf2
Kg5 66. Rc5+ f5 67. Rc8 Ra3 68. Rc5 Rb3 69. Ra5 Rf3+ 70. Kg2 Re3 71. Kf2 Re4
72. Kg3 Re3+ 73. Kf2 {Schwarz gewann einige Züge später} 1/2-1/2

[Event "Open SSC Rostock 07 - 2009"]
[Site "Rostock"]
[Date "2009.08.28"]
[Round "3.6"]
[White "Porsch, Harald"]
[Black "Jeske, Holger"]
[Result "1/2-1/2"]
[WhiteElo "2196"]
[BlackElo "1980"]
[PlyCount "62"]
[EventDate "2009.08.27"]
[EventType "swiss"]
[EventRounds "7"]
[EventCountry "GER"]
[Source "Th. Schwetlick"]
[SourceDate "2009.08.27"]
[WhiteTeam "SC Rotation Pankow"]
[BlackTeam "SSC Rostock 07"]

1. Nf3 d5 2. d4 c6 3. e3 Bg4 4. Be2 Nd7 5. Nbd2 g6 6. O-O Bg7 7. c3 e5 8. dxe5
Bxf3 9. Nxf3 Nxe5 10. Qb3 Qb6 11. Qc2 Nxf3+ 12. Bxf3 f5 13. b3 Nf6 14. Bb2 Ne4
15. c4 O-O 16. Bxg7 Kxg7 17. Rad1 Rad8 18. Qb2+ Kf7 19. cxd5 cxd5 20. Rd4 Ke6
21. Rfd1 Rf7 22. b4 Rfd7 23. Qb3 Ke5 24. h3 Qc6 25. Qb2 Ke6 26. Rc1 Qb6 27. Bd1
Rc7 28. Bb3 Rxc1+ 29. Qxc1 Nf6 30. Qd1 Qd6 31. Qe1 Ke7 1/2-1/2

[Event "Open SSC Rostock 07 - 2009"]
[Site "Rostock"]
[Date "2009.08.28"]
[Round "3.7"]
[White "Kathstede, Gerd"]
[Black "Weber, Max"]
[Result "1/2-1/2"]
[WhiteElo "2147"]
[BlackElo "1894"]
[PlyCount "62"]
[EventDate "2009.08.27"]
[EventType "swiss"]
[EventRounds "7"]
[EventCountry "GER"]
[Source "Th. Schwetlick"]
[SourceDate "2009.08.27"]
[WhiteTeam "Hervest-Dorstener SK"]
[BlackTeam "SSC Rostock 07"]

1. e4 e6 2. d4 d5 3. Nc3 Nf6 4. Bg5 Bb4 5. e5 h6 6. exf6 hxg5 7. fxg7 Rg8 8.
Qh5 Qf6 9. Nf3 Qxg7 10. O-O-O Nd7 11. Nb5 Ba5 12. h4 gxh4 13. Qxh4 a6 14. Na3
Nf6 15. Bd3 Bd7 16. Ne5 O-O-O 17. c3 Rdf8 18. f3 Rh8 19. Qf2 Nh5 20. Rh4 Be8
21. Rdh1 Nf4 22. Bf1 c6 23. g3 Rxh4 24. Rxh4 Ng6 25. Nxg6 Qxg6 26. Nc2 Rg8 27.
Rg4 Qh6+ 28. Qe3 Qh7 29. Rh4 Qg6 30. Rg4 Qh7 31. Rh4 Qg6 1/2-1/2

[Event "Open SSC Rostock 07 - 2009"]
[Site "Rostock"]
[Date "2009.08.28"]
[Round "3.8"]
[White "Leisner, Hannes"]
[Black "Friedel, Marcus"]
[Result "1/2-1/2"]
[WhiteElo "2021"]
[BlackElo "2142"]
[PlyCount "55"]
[EventDate "2009.08.27"]
[EventType "swiss"]
[EventRounds "7"]
[EventCountry "GER"]
[Source "Th. Schwetlick"]
[SourceDate "2009.08.27"]
[WhiteTeam "Greifswalder SV"]
[BlackTeam "SK 1926 Ettlingen"]

1. e4 e5 2. Nf3 Nc6 3. d4 exd4 4. Nxd4 Nf6 5. Nxc6 bxc6 6. e5 Qe7 7. Qe2 Nd5 8.
c4 Ba6 9. b3 g5 10. h4 Bg7 11. Bb2 h6 12. Nd2 Nb4 13. Ne4 c5 14. O-O-O O-O-O
15. Ng3 gxh4 16. Nh5 Qg5+ 17. f4 Qg6 18. Bc3 d5 19. Nxg7 Qxg7 20. Bxb4 cxb4 21.
Qf2 dxc4 22. Bxc4 Bxc4 23. Qxa7 Qxg2 24. bxc4 Qe4 25. Qa6+ Kb8 26. Qb5+ Kc8 27.
Qa6+ Kb8 28. Qb5+ 1/2-1/2

[Event "Open SSC Rostock 07 - 2009"]
[Site "Rostock"]
[Date "2009.08.28"]
[Round "3.9"]
[White "Kliewe, Hans Juergen"]
[Black "Kopischke, Maik"]
[Result "1-0"]
[WhiteElo "2120"]
[BlackElo "1899"]
[PlyCount "51"]
[EventDate "2009.08.27"]
[EventType "swiss"]
[EventRounds "7"]
[EventCountry "GER"]
[Source "Th. Schwetlick"]
[SourceDate "2009.08.27"]
[WhiteTeam "ASV Gruen-Weiss Wismar"]
[BlackTeam "SC Zugzwang 95"]

1. d4 Nf6 2. Nf3 e6 3. Bf4 b6 4. e3 Bb7 5. Bd3 Be7 6. O-O c5 7. c3 cxd4 8. exd4
O-O 9. Nbd2 Nd5 10. Bg3 f5 11. h3 Nc6 12. c4 Nf6 13. Re1 Nh5 14. Bh2 f4 15. a3
Bd6 16. Ne4 Bc7 17. d5 exd5 18. cxd5 Na5 19. d6 Bb8 20. b4 Nc6 21. Bc4+ Kh8 22.
Nfg5 Nf6 23. Nf7+ Rxf7 24. Bxf7 Nxe4 25. Rxe4 Qg5 26. Re8# 1-0

[Event "Open SSC Rostock 07 - 2009"]
[Site "Rostock"]
[Date "2009.08.28"]
[Round "3.10"]
[White "Richter, Ruediger"]
[Black "Welz, Peter"]
[Result "0-1"]
[WhiteElo "1846"]
[BlackElo "2101"]
[PlyCount "98"]
[EventDate "2009.08.27"]
[EventType "swiss"]
[EventRounds "7"]
[EventCountry "GER"]
[Source "Th. Schwetlick"]
[SourceDate "2009.08.27"]
[WhiteTeam "SVG Friedrichsort"]
[BlackTeam "SV Empor Berlin"]

1. e4 e6 2. Nf3 d5 3. Nc3 d4 4. Ne2 d3 5. cxd3 Qxd3 6. Nc3 Qd8 7. d4 Nf6 8. Bg5
Be7 9. Bd3 h6 10. Bh4 Nc6 11. h3 O-O 12. O-O Nxd4 13. e5 Nxf3+ 14. Qxf3 Nd7 15.
Qe4 g6 16. Bxe7 Qxe7 17. b4 a5 18. a3 c5 19. b5 Ra7 20. Rae1 b6 21. Qe3 Kg7 22.
f4 c4 23. Bb1 Qxa3 24. Qg3 Nc5 25. Re3 Nd3 26. Ne4 Rd7 27. Nd6 Rxd6 28. exd6
Qxd6 29. Bxd3 cxd3 30. Rxd3 Qc5+ 31. Qf2 Qxb5 32. Rd6 Ba6 33. Rc1 Rc8 34. Qd4+
e5 35. Qe3 Rxc1+ 36. Qxc1 exf4 37. Qxf4 Qb2 38. Rd7 Qa1+ 39. Kh2 Qf6 40. Qxf6+
Kxf6 41. Rd6+ Ke5 42. Rxb6 Bc4 43. Rc6 Kd4 44. h4 h5 45. g4 hxg4 46. Kg3 a4 47.
Kxg4 a3 48. Rd6+ Kc3 49. Rd1 Be2+ 0-1

[Event "Open SSC Rostock 07 - 2009"]
[Site "Rostock"]
[Date "2009.08.28"]
[Round "3.12"]
[White "Schreiber, Kevin"]
[Black "Giese, Guido"]
[Result "1/2-1/2"]
[WhiteElo "1593"]
[BlackElo "2015"]
[PlyCount "107"]
[EventDate "2009.08.27"]
[EventType "swiss"]
[EventRounds "7"]
[EventCountry "GER"]
[Source "Th. Schwetlick"]
[SourceDate "2009.08.27"]
[WhiteTeam "SC Mecklenburger Springer"]
[BlackTeam "TSG Neuruppin"]

1. d4 Nf6 2. Bf4 g6 3. e3 Bg7 4. c4 c5 5. Nc3 O-O 6. Be2 d5 7. Nxd5 Nxd5 8.
cxd5 cxd4 9. Nf3 Qxd5 10. Nxd4 e5 11. Nb5 Qxd1+ 12. Rxd1 Nc6 13. Bg3 Be6 14.
Nc7 Rad8 15. Nxe6 Rxd1+ 16. Kxd1 fxe6 17. Kc1 Rd8 18. Rd1 Rxd1+ 19. Bxd1 Ne7
20. e4 Bh6+ 21. Kc2 Bf4 22. Kc3 Bxg3 23. hxg3 Kf7 24. Ba4 Nc8 25. a3 Nd6 26.
Kd3 Kf6 27. Ke3 Nc4+ 28. Ke2 h5 29. Bb5 Nd6 30. Bd3 Kg5 31. Ke3 b6 32. Ba6 h4
33. gxh4+ Kxh4 34. f4 Kg3 35. fxe5 Ne8 36. Be2 g5 37. Bf3 Nc7 38. Kd3 Kf4 39.
Kd4 Na6 40. b4 Nc7 41. a4 Na6 42. Kc4 Kxe5 43. Kb5 Nb8 44. a5 bxa5 45. bxa5 Kd6
46. Bg4 e5 47. Bf5 Nc6 48. g4 Nd4+ 49. Kc4 Kc6 50. Kb4 Nf3 51. Kc4 Nd2+ 52. Kc3
Nf3 53. Kc4 Ne1 54. Kb4 1/2-1/2

[Event "Open SSC Rostock 07 - 2009"]
[Site "Rostock"]
[Date "2009.08.28"]
[Round "3.13"]
[White "Wolke, Heiko"]
[Black "Jaensch, Robert"]
[Result "1-0"]
[WhiteElo "2012"]
[BlackElo "1720"]
[PlyCount "103"]
[EventDate "2009.08.27"]
[EventType "swiss"]
[EventRounds "7"]
[EventCountry "GER"]
[Source "Th. Schwetlick"]
[SourceDate "2009.08.27"]
[WhiteTeam "SF Ostsee Warnemuende"]
[BlackTeam "SSC Rostock 07"]

1. e4 c5 2. Nf3 d6 3. d4 cxd4 4. c3 dxc3 5. Nxc3 Nc6 6. Bc4 Nf6 7. O-O e6 8.
Qe2 Be7 9. Rd1 Nd7 10. h3 a6 11. a4 b6 12. Bf4 Nc5 13. e5 d5 14. Nxd5 Bd7 15.
Nxe7 Nxe7 16. b4 Nxa4 17. Rxa4 b5 18. Ra2 bxc4 19. Bg5 Qc8 20. Bxe7 Kxe7 21.
Qd2 Rd8 22. Qf4 h6 23. Rd6 Bb5 24. Nd4 c3 25. Qf3 Rxd6 26. exd6+ Kxd6 27. Nxb5+
Ke7 28. Nxc3 Rb8 29. Qe3 Kf8 30. Qc5+ Kg8 31. Qxc8+ Rxc8 32. Ne2 Rc6 33. Rb2
Rb6 34. Nc3 Kf8 35. Kf1 Ke7 36. Ke2 f5 37. Kd3 Rd6+ 38. Kc4 Rc6+ 39. Kd4 e5+
40. Kd3 Ke6 41. Na4 e4+ 42. Kd4 Rd6+ 43. Kc4 f4 44. Nc5+ Ke5 45. Re2 g5 46.
Rxe4+ Kf5 47. Rd4 Rb6 48. Rd5+ Kg6 49. Rd8 h5 50. Ra8 g4 51. hxg4 h4 52. f3 1-0

[Event "Open SSC Rostock 07 - 2009"]
[Site "Rostock"]
[Date "2009.08.28"]
[Round "3.14"]
[White "Bigalke, Steffen"]
[Black "Pererva, Viktor"]
[Result "1/2-1/2"]
[WhiteElo "1978"]
[BlackElo "1637"]
[PlyCount "67"]
[EventDate "2009.08.27"]
[EventType "swiss"]
[EventRounds "7"]
[EventCountry "GER"]
[Source "Th. Schwetlick"]
[SourceDate "2009.08.27"]
[WhiteTeam "SAV Torgelow-Droegeheide"]
[BlackTeam "SSC Rostock 07"]

1. e4 e5 2. Nf3 Nc6 3. Nc3 Nf6 4. d4 exd4 5. Nd5 d6 6. Nxd4 a6 7. Nxf6+ Qxf6 8.
Nxc6 bxc6 9. Bc4 Be6 10. Bxe6 Qxe6 11. O-O Be7 12. Re1 O-O 13. Qe2 Rfe8 14. c3
d5 15. exd5 Qxe2 16. Rxe2 cxd5 17. Bf4 c6 18. Rae1 Kf8 19. Kf1 a5 20. a4 h6 21.
Re3 f6 22. Bc7 Kf7 23. Re6 c5 24. Bd6 Bxd6 25. Rxd6 Red8 26. Ree6 d4 27. cxd4
cxd4 28. Rxd8 Rxd8 29. Ra6 Rb8 30. Rxa5 Rxb2 31. Ra7+ Kg6 32. Rd7 Rb4 33. a5
Ra4 34. a6 1/2-1/2

[Event "Open SSC Rostock 07 - 2009"]
[Site "Rostock"]
[Date "2009.08.28"]
[Round "3.15"]
[White "Jaehn, Justin"]
[Black "Wolf, Christoph"]
[Result "1/2-1/2"]
[WhiteElo "1587"]
[BlackElo "1963"]
[PlyCount "72"]
[EventDate "2009.08.27"]
[EventType "swiss"]
[EventRounds "7"]
[EventCountry "GER"]
[Source "Th. Schwetlick"]
[SourceDate "2009.08.27"]
[WhiteTeam "SF Schwerin"]
[BlackTeam "SC Neukloster"]

1. e4 c5 2. Nc3 Nc6 3. g3 g6 4. Bg2 Bg7 5. Nge2 e6 6. d3 a6 7. O-O Nge7 8. f4
d5 9. e5 O-O 10. a3 b5 11. Bd2 Qb6 12. Kh1 Bb7 13. Qe1 Nf5 14. Qf2 Rac8 15.
Rac1 Ba8 16. b4 Nb8 17. g4 Ne7 18. a4 Nd7 19. bxc5 Nxc5 20. axb5 axb5 21. Be3
Qc6 22. Nd4 Qd7 23. Ndxb5 Na4 24. Nxa4 Qxb5 25. Nb6 Rcd8 26. Rb1 Qc6 27. Bc5
Rfe8 28. c4 Nc8 29. Nxa8 Qxa8 30. Ra1 Qc6 31. cxd5 exd5 32. Rfc1 Qd7 33. h3 Bf8
34. Bxf8 Kxf8 35. Ra5 Ne7 36. Ra7 Qb5 1/2-1/2

[Event "Open SSC Rostock 07 - 2009"]
[Site "Rostock"]
[Date "2009.08.28"]
[Round "3.16"]
[White "Eichstaedt, Enrico"]
[Black "Henselin, Frank"]
[Result "1-0"]
[WhiteElo "1890"]
[BlackElo "1434"]
[PlyCount "55"]
[EventDate "2009.08.27"]
[EventType "swiss"]
[EventRounds "7"]
[EventCountry "GER"]
[Source "Th. Schwetlick"]
[SourceDate "2009.08.27"]
[WhiteTeam "SC Neukloster"]
[BlackTeam "SAV Torgelow-Droegeheide"]

1. e4 d6 2. d4 Nf6 3. Nc3 g6 4. f3 c6 5. Be3 Nbd7 6. Qd2 b5 7. O-O-O a5 8. e5
b4 9. Nce2 dxe5 10. dxe5 Nd5 11. e6 fxe6 12. Nd4 Nb8 13. Bh6 Qb6 14. Bxf8 Rxf8
15. Re1 c5 16. Nb5 Bd7 17. c4 Bxb5 18. cxd5 Bxf1 19. Rxf1 exd5 20. Qxd5 Qc6 21.
Qc4 Nd7 22. Re1 a4 23. Re6 Qc7 24. Nh3 Nf6 25. Rhe1 Rf7 26. Ng5 Rf8 27. Qb5+
Kd8 28. R6e5 1-0

[Event "Open SSC Rostock 07 - 2009"]
[Site "Rostock"]
[Date "2009.08.28"]
[Round "3.17"]
[White "Erich, Juergen"]
[Black "Bardosch, Konstantin"]
[Result "1-0"]
[WhiteElo "1873"]
[BlackElo "1350"]
[PlyCount "93"]
[EventDate "2009.08.27"]
[EventType "swiss"]
[EventRounds "7"]
[EventCountry "GER"]
[Source "Th. Schwetlick"]
[SourceDate "2009.08.27"]
[WhiteTeam "TSV Travemuende von 1860"]
[BlackTeam "SSC Rostock 07"]

1. d4 Nf6 2. Nf3 g6 3. g3 d5 4. Bg2 Bg7 5. O-O O-O 6. c4 c6 7. cxd5 cxd5 8. Nc3
e6 9. Bf4 Nc6 10. Rc1 Re8 11. Nb5 Re7 12. Bd6 Rd7 13. Bf4 Ne8 14. Ne5 Nxe5 15.
Bxe5 f6 16. Bf4 e5 17. Be3 e4 18. Qb3 Qb6 19. Bxe4 Qe6 20. Bf3 a6 21. Nc7 Nxc7
22. Rxc7 Qf5 23. Rfc1 Rd8 24. Bxd5+ Rxd5 25. Rxc8+ Rxc8 26. Rxc8+ Qxc8 27.
Qxd5+ Kh8 28. Bf4 h5 29. h4 Qc2 30. Qxb7 Qd1+ 31. Kg2 Qxd4 32. Qxa6 Qxb2 33. a4
Qb4 34. Qa8+ Kh7 35. a5 Bf8 36. a6 Bc5 37. Qb7+ Qxb7+ 38. axb7 Ba7 39. Kf3 Kg7
40. Ke4 Kf7 41. Kd5 Ke7 42. b8=Q Bxb8 43. Bxb8 Kf7 44. Bd6 f5 45. Ke5 Kg7 46.
Ke6 Kh7 47. f3 1-0

[Event "Open SSC Rostock 07 - 2009"]
[Site "Rostock"]
[Date "2009.08.28"]
[Round "3.18"]
[White "Worm, Alfred"]
[Black "Losch, Marika"]
[Result "1-0"]
[WhiteElo "1841"]
[BlackElo "1331"]
[PlyCount "57"]
[EventDate "2009.08.27"]
[EventType "swiss"]
[EventRounds "7"]
[EventCountry "GER"]
[Source "Th. Schwetlick"]
[SourceDate "2009.08.27"]
[WhiteTeam "SSC Rostock 07"]

1. e4 c5 2. Nf3 a6 3. d4 cxd4 4. Nxd4 e5 5. Nb3 Nf6 6. Bd3 d5 7. exd5 Qxd5 8.
O-O Bd6 9. Nc3 Qc6 10. Bg5 Bc7 11. Qe2 h6 12. Bh4 Bg4 13. f3 Be6 14. Rad1 Nbd7
15. Ne4 Nd5 16. Nf2 Nf4 17. Qd2 g5 18. Be4 Qb6 19. Bg3 f5 20. Bxf4 fxe4 21. Be3
Qc6 22. Nxe4 g4 23. Nd6+ Ke7 24. Bxh6 gxf3 25. Qg5+ Nf6 26. Qg7+ Kd8 27. Qxf6+
Kd7 28. Qg7+ Kd8 29. Bg5# 1-0

[Event "Open SSC Rostock 07 - 2009"]
[Site "Rostock"]
[Date "2009.08.28"]
[Round "3.20"]
[White "Schreiber, Felix"]
[Black "Luther, Alexander"]
[Result "0-1"]
[WhiteElo "1528"]
[BlackElo "1689"]
[PlyCount "72"]
[EventDate "2009.08.27"]
[EventType "swiss"]
[EventRounds "7"]
[EventCountry "GER"]
[Source "Th. Schwetlick"]
[SourceDate "2009.08.27"]
[WhiteTeam "SC Mecklenburger Springer"]
[BlackTeam "SSC Rostock 07"]

1. d4 Nf6 2. Bf4 d5 3. e3 Bf5 4. Bd3 Bxd3 5. cxd3 e6 6. Nf3 c5 7. dxc5 Bxc5 8.
O-O O-O 9. Nbd2 Nbd7 10. Rc1 Qb6 11. Qb3 Rac8 12. Qxb6 Bxb6 13. d4 Rfe8 14. h3
h6 15. Nb3 Ne4 16. Nbd2 Ndf6 17. Nb3 Red8 18. Ne5 Ne8 19. f3 N4d6 20. Nc5 g5
21. Bg3 Nf5 22. Bf2 Bxc5 23. Rxc5 Rxc5 24. dxc5 f6 25. Nd3 Rc8 26. b4 a6 27.
Nb2 Ne7 28. a4 Nc7 29. Nd3 e5 30. g4 Ne6 31. Re1 a5 32. bxa5 Nxc5 33. Nb2 Nc6
34. Rd1 Rd8 35. Be1 Nb3 36. Nc4 dxc4 0-1

[Event "Open SSC Rostock 07 - 2009"]
[Site "Rostock"]
[Date "2009.08.28"]
[Round "3.21"]
[White "Hingst, Silke"]
[Black "Celmer, Ole"]
[Result "1-0"]
[WhiteElo "1878"]
[BlackElo "1543"]
[PlyCount "67"]
[EventDate "2009.08.27"]
[EventType "swiss"]
[EventRounds "7"]
[EventCountry "GER"]
[Source "Th. Schwetlick"]
[SourceDate "2009.08.27"]
[WhiteTeam "SSC Rostock 07"]
[BlackTeam "SSC Rostock 07"]

1. e4 e5 2. Nc3 Nf6 3. g3 Nc6 4. Bg2 Bc5 5. Nge2 d6 6. Na4 Bb6 7. Nxb6 axb6 8.
f4 Bg4 9. c3 O-O 10. h3 Bxe2 11. Qxe2 d5 12. d3 Re8 13. fxe5 Nxe5 14. d4 Ng6
15. e5 Nd7 16. O-O c6 17. Qf3 f6 18. h4 fxe5 19. Bg5 Qc7 20. Qf7+ Kh8 21. Bh3
exd4 22. Bf4 Nxf4 23. Rxf4 Rad8 24. Raf1 g6 25. h5 Rg8 26. h6 Qd6 27. cxd4 c5
28. Kh2 c4 29. Be6 b5 30. Rf6 Nb6 31. Bf5 Qb4 32. Bxg6 Rxg6 33. Rxg6 Qd2+ 34.
Rf2 1-0

[Event "Open SSC Rostock 07 - 2009"]
[Site "Rostock"]
[Date "2009.08.28"]
[Round "3.22"]
[White "Bardosch, Karl Valentin"]
[Black "Schreiber, Nico"]
[Result "1-0"]
[WhiteElo "1266"]
[BlackElo "1844"]
[PlyCount "35"]
[EventDate "2009.08.27"]
[EventType "swiss"]
[EventRounds "7"]
[EventCountry "GER"]
[Source "Th. Schwetlick"]
[SourceDate "2009.08.27"]
[WhiteTeam "SSC Rostock 07"]
[BlackTeam "SC Mecklenburger Springer"]

1. e4 c5 2. Nf3 d6 3. d4 cxd4 4. Nxd4 a6 5. Be3 Nf6 6. Nc3 g6 7. f3 Bg7 8. Qd2
O-O 9. O-O-O b5 10. Kb1 Bb7 11. Bh6 Qb6 12. Bxg7 Kxg7 13. g4 Nbd7 14. h4 Rh8
15. h5 b4 16. Nce2 d5 17. hxg6 hxg6 18. Nf5+ 1-0

[Event "Open SSC Rostock 07 - 2009"]
[Site "Rostock"]
[Date "2009.08.28"]
[Round "3.23"]
[White "Friedel, Roland"]
[Black "Goldmund, Heike"]
[Result "1-0"]
[WhiteElo "1757"]
[BlackElo "1027"]
[PlyCount "65"]
[EventDate "2009.08.27"]
[EventType "swiss"]
[EventRounds "7"]
[EventCountry "GER"]
[Source "Th. Schwetlick"]
[SourceDate "2009.08.27"]
[WhiteTeam "SSC Rostock 07"]
[BlackTeam "SV Wartburgstadt Eisenach"]

1. d4 d5 2. Nf3 c6 3. Nbd2 Nf6 4. e3 Bf5 5. c4 e6 6. Qb3 Nbd7 7. Qxb7 Qc8 8.
Qb3 Qc7 9. Be2 c5 10. cxd5 exd5 11. dxc5 Nxc5 12. Qd1 Qc6 13. Nd4 Qc7 14. Nxf5
g6 15. Nd4 Bd6 16. N2f3 a6 17. O-O O-O 18. b4 Ncd7 19. a3 Qb6 20. Bb2 Rfc8 21.
Rc1 Ne5 22. Nxe5 Bxe5 23. Rxc8+ Rxc8 24. Qb1 Qd6 25. f4 Bxd4 26. Bxd4 Ne4 27.
Rc1 Rc7 28. Rxc7 Qxc7 29. Bb2 Kf8 30. Qc1 Qxc1+ 31. Bxc1 Nc3 32. Bxa6 Ne2+ 33.
Bxe2 1-0